000 00763cab a2200217 4500
001 WB3115-45
008 090401t1995 xxu||||| |||| 00| 0 eng d
035 _a(Sirsi) u52045
041 _aeng
245 _aInsurance by solicitors
260 _c1995
350 _a0
490 _aObserver
_v9 April 1995, 16(1)
520 _aHousebuyers are increasingly likely to be offered buildings and contents insurance through conveyancing solictors. The Law Society is writing to law firms endorsing the services of Lawinsure, a subsidiary of banking group HSBC.
650 _aBUILDINGS INSURANCE
650 _aCONTENTS INSURANCE
650 _aLAW SOCIETY
690 _aMANAGEMENT-BUSINESS MANAGEMENT-PROFESSIONAL PRACTICE
942 _n0
948 _c04/03/1997
999 _c32286
_d32286